000 00383cam a2200169ua 4500
001 4749
008 060101n II |||gr||||Z||||||eng
040 _aMAIN
041 _aEnglish
082 _a823 HIL
100 _aHILTON, JAMES.
245 _aGOODBYE MR.CHIPS
260 _aMADRAS:
_bB.I.PUBLICATION.,
_c1995.
300 _a125:
_c18CM.
653 _aEnglish fiction
942 _cBK
999 _c4736
_d4736